Algebra i /

Guardado en:
Autor Principal: Rojo, Armando O.
Formato: Libro
Publicado: Buenos Aires : El Ateneo, 1984
Materias:
Etiquetas: Agregar Etiqueta
Sin Etiquetas, Sea el primero en etiquetar este registro!
LEADER 00791nam a22001815a 4500
001 CEM.cems017869
005 20121112074327.0
008 130507s1984##################000#0#####d
003 CEMS
020 |a 950025204X 
082 0 4 |a 512 
100 1 |a Rojo, Armando O. 
245 1 0 |a Algebra i /  |c Armando O. Rojo 
260 |a Buenos Aires :  |b  El Ateneo,  |c 1984 
300 |a 477 p. 
505 0 |a Nociones de lógica -- Conjuntos -- Relaciones -- Funciones -- Leyes de composición -- Coordinabilidad, inducción completa, combinatoria -- Sistemas axiomáticos -- Estructura de grupo -- Estructuras de anillo y de cuerpo -- Enteros y relacionales -- Números reales -- El cuerpo de los números complejos -- Polinomios 
653 |a Algebra 
859 |a CEMS  |b BIB. CEMS - Agricultura  |h 512  |i R638  |p A1630.12  |t Ej.1  |v I  |3 I